[Event "II Open"]
[Site "Crema ITA"]
[Date "2000.09.15"]
[Round "2"]
[White "Rota, Simone"]
[Black "Mariano, Elia"]
[Result "1/2-1/2"]
[WhiteElo "1653"]
[BlackElo "2093"]
[PlyCount "94"]
[EventDate "2000.09.15"]

1.d4 d5 2.Nf3 Nf6 3.Bg5 e6 4.Nbd2 c5 5.c3 Nc6 6.e3 cxd4 7.exd4 Bd6 8.Bd3 
Qc7 9.h3 Bd7 10.Qc2 h6 11.Be3 O-O 12.O-O Rfc8 13.Rfc1 Rab8 14.b4 Qd8 15.
Qb3 Qe7 16.a3 Rc7 17.Rc2 Rbc8 18.Rac1 Nh5 19.c4 dxc4 20.Nxc4 Nf4 21.Nxd6 
Qxd6 22.Be4 Nd5 23.Bxd5 exd5 24.Ne5 Ne7 25.Bf4 Rxc2 26.Rxc2 Rxc2 27.Qxc2 
b6 28.Qc1 f6 29.Ng6 Qe6 30.Nxe7+ Qxe7 31.Be3 Kf7 32.Qc7 Bb5 33.Qxe7+ Kxe7 
34.f3 Kd7 35.Kf2 Kc6 36.g3 Bc4 37.a4 a5 38.Bd2 axb4 39.Bxb4 Bb3 40.a5 bxa5
41.Bxa5 Kd7 42.g4 Ke6 43.Ke3 Bc4 44.h4 g6 45.Bd8 h5 46.Kf4 Bb5 47.g5 f5 
1/2-1/2

[Event "II Open"]
[Site "Crema ITA"]
[Date "2000.09.15"]
[Round "2"]
[White "Sartorio, Diego"]
[Black "Vismara, Daniele"]
[Result "0-1"]
[WhiteElo "1705"]
[BlackElo "2246"]
[PlyCount "72"]
[EventDate "2000.09.15"]

1.e4 c5 2.c3 d5 3.exd5 Qxd5 4.d4 Nf6 5.Nf3 Bg4 6.Be2 e6 7.h3 Bh5 8.O-O Nc6
9.Be3 cxd4 10.cxd4 Be7 11.Nc3 Qd6 12.Nb5 Qd8 13.Bf4 Nd5 14.Bh2 a6 15.Nc3 
O-O 16.Rc1 Bf6 17.g4 Bg6 18.Ne5 Nxc3 19.bxc3 Nxe5 20.dxe5 Be7 21.c4 Bc5 
22.Qxd8 Raxd8 23.Rfd1 Be4 24.Kf1 Ba3 25.Rxd8 Rxd8 26.Rc3 Bc5 27.Bf4 Bd4 
28.Rb3 h6 29.Bd3 Bc6 30.Ke2 g5 31.Bg3 a5 32.f4 a4 33.Rb1 Bc5 34.fxg5 hxg5 
35.Rd1 Kg7 36.Bc2 Rh8 0-1

[Event "II Open"]
[Site "Crema ITA"]
[Date "2000.09.15"]
[Round "2"]
[White "Scarpellini, Felice"]
[Black "Pagnoncelli, Marco"]
[Result "1/2-1/2"]
[WhiteElo "1633"]
[BlackElo "2082"]
[PlyCount "64"]
[EventDate "2000.09.15"]

1.c4 Nf6 2.Nc3 g6 3.g3 Bg7 4.Bg2 d6 5.Nf3 O-O 6.O-O Nbd7 7.Rb1 e5 8.d3 h6 
9.b4 a5 10.b5 Nc5 11.e4 Be6 12.a4 Nfd7 13.Ba3 f5 14.Nh4 Kh7 15.exf5 gxf5 
16.Nd5 c6 17.bxc6 bxc6 18.Ne3 f4 19.Nc2 Qc7 20.Re1 Nxa4 21.Nd4 Nac5 22.
Nxc6 f3 23.Nxf3 Bf5 24.Re3 e4 25.Nfd4 Bg6 26.dxe4 Rae8 27.Qe2 Nf6 28.f3 h5
29.Re1 Bh6 30.Rc3 Rf7 31.Bc1 Bg7 32.Re3 Bh6 1/2-1/2

[Event "II Open"]
[Site "Crema ITA"]
[Date "2000.09.15"]
[Round "2"]
[White "Tencati, Giuseppe"]
[Black "Santandrea, Marco"]
[Result "1-0"]
[WhiteElo "2061"]
[BlackElo "1543"]
[PlyCount "99"]
[EventDate "2000.09.15"]

1.d4 Nf6 2.c4 e6 3.Nf3 b6 4.Nc3 Bb4 5.Bg5 Bb7 6.Qc2 d5 7.e3 Nbd7 8.a3 Be7 
9.cxd5 exd5 10.Be2 a6 11.O-O h6 12.Bh4 O-O 13.Rac1 Rc8 14.Rfd1 Ne4 15.Bxe7
Qxe7 16.Qb3 Nxc3 17.Rxc3 c5 18.dxc5 Rxc5 19.Nd4 Rxc3 20.Qxc3 Rc8 21.Qb3 
Qf6 22.Qd3 g6 23.Qb1 Ne5 24.b3 h5 25.Rc1 Qd8 26.Qb2 Rxc1+ 27.Qxc1 Qc8 28.
Qxc8+ Bxc8 29.Kf1 f6 30.h4 Nf7 31.Nc6 Kf8 32.Nb4 b5 33.Nxd5 Be6 34.Nxf6 
Bxb3 35.Nd7+ Ke7 36.Nc5 Be6 37.Nxa6 Nd6 38.Nc7 Bc4 39.Bxc4 bxc4 40.Nd5+ 
Ke6 41.Nf4+ Kf5 42.Ke2 Nb5 43.Kd2 Nxa3 44.Kc3 Nb5+ 45.Kxc4 Nd6+ 46.Kd3 Ne4
47.Ke2 Nc3+ 48.Ke1 Ne4 49.f3 Ng3 50.Ne2 1-0

[Event "II Open"]
[Site "Crema ITA"]
[Date "2000.09.15"]
[Round "2"]
[White "Vecchia, Mario"]
[Black "Vigano', Massimo"]
[Result "0-1"]
[WhiteElo "1692"]
[BlackElo "2170"]
[PlyCount "58"]
[EventDate "2000.09.15"]

1.e4 e6 2.d4 d5 3.exd5 exd5 4.Bd3 c5 5.Be3 Nc6 6.c3 c4 7.Bc2 Bd6 8.h3 Nge7
9.Nf3 Nf5 10.Bg5 f6 11.Qe2+ Kf7 12.Be3 Re8 13.O-O Bf4 14.Bxf5 Bxf5 15.Qd2 
Bxe3 16.fxe3 Bd3 17.Re1 Ne7 18.Na3 Nf5 19.Nc2 a5 20.b4 b6 21.Qf2 Kg8 22.
Rac1 Nd6 23.Nd2 Qe7 24.Qf3 Qe6 25.g4 Ra7 26.Kh2 Nb5 27.Nb1 Bxc2 28.Rxc2 
axb4 29.cxb4 Nxd4 0-1

[Event "II Open"]
[Site "Crema ITA"]
[Date "2000.09.16"]
[Round "3"]
[White "Acunzo, Domenico"]
[Black "Bonazzi, Edoardo"]
[Result "0-1"]
[WhiteElo "1656"]
[BlackElo "2085"]
[PlyCount "56"]
[EventDate "2000.09.15"]

1.e4 c5 2.Nf3 e6 3.d4 cxd4 4.Nxd4 Nc6 5.c4 Nf6 6.Nc3 Bb4 7.f3 d5 8.Nxc6 
bxc6 9.exd5 exd5 10.cxd5 O-O 11.Be2 Nxd5 12.Bd2 Qb6 13.Nxd5 Bxd2+ 14.Qxd2 
cxd5 15.O-O-O Bf5 16.Bd3 Rfc8+ 17.Kb1 Bxd3+ 18.Qxd3 Rab8 19.Rd2 Rc5 20.
Rhd1 Rb5 21.b3 a5 22.Qd4 Qg6+ 23.Kb2 h6 24.g3 Qa6 25.Ka1 Rb4 26.Qe5 a4 27.
bxa4 Qb6 28.Qf5 g6 0-1

[Event "II Open"]
[Site "Crema ITA"]
[Date "2000.09.16"]
[Round "3"]
[White "Biava, Pierluigi"]
[Black "Sartorio, Diego"]
[Result "1/2-1/2"]
[WhiteElo "1588"]
[BlackElo "1705"]
[PlyCount "79"]
[EventDate "2000.09.15"]

1.Nf3 d5 2.g3 Nf6 3.Bg2 g6 4.O-O Bg7 5.c3 O-O 6.d3 c5 7.Nbd2 Nc6 8.Re1 Re8
9.Qc2 Bd7 10.e4 dxe4 11.Nxe4 Nxe4 12.dxe4 e5 13.Be3 b6 14.Rad1 Qc7 15.Rd3 
Rad8 16.Red1 Bc8 17.Qd2 Rxd3 18.Qxd3 Rd8 19.Qc2 Be6 20.Rxd8+ Qxd8 21.Ng5 
Bc8 22.Qb3 Qc7 23.f4 Na5 24.Qc2 Nc4 25.Bc1 Nd6 26.Kf2 Bb7 27.fxe5 Bxe5 28.
Bf4 Bxf4 29.gxf4 h6 30.Nh3 Qe7 31.e5 Qh4+ 32.Kg1 Qe1+ 33.Bf1 Nf5 34.Nf2 
Qe3 35.Qd1 Qxf4 36.Qd8+ Kh7 37.Qf6 Qg5+ 38.Qxg5 hxg5 39.Bc4 Kg7 40.Ng4 
1/2-1/2

[Event "II Open"]
[Site "Crema ITA"]
[Date "2000.09.16"]
[Round "3"]
[White "Distratis, Gianluca"]
[Black "Tencati, Giuseppe"]
[Result "0-1"]
[WhiteElo "1633"]
[BlackElo "2061"]
[PlyCount "80"]
[EventDate "2000.09.15"]

1.e4 e6 2.d4 d5 3.Nd2 Nf6 4.e5 Nfd7 5.Bd3 c5 6.c3 Nc6 7.Ne2 Qb6 8.Nf3 cxd4
9.cxd4 f6 10.exf6 Nxf6 11.O-O Bd6 12.Nf4 O-O 13.Re1 Re8 14.Ne5 Nxd4 15.Nh5
Qc7 16.Bxh7+ Kxh7 17.Qxd4 Rf8 18.Nxf6+ Rxf6 19.Bg5 Rf5 20.Qh4+ Kg8 21.Nf3 
e5 22.Bd8 Qf7 23.Rac1 e4 24.Ng5 Qg6 25.Qh3 Bf4 26.Rc2 Bd7 27.Nxe4 dxe4 28.
Bh4 Bc6 29.Rce2 Re8 30.f3 e3 31.g4 Rd5 32.Bg3 Qg5 33.Qg2 Rd2 34.h4 Qe5 35.
Kh2 Bxg3+ 36.Qxg3 Qxg3+ 37.Kxg3 Rxe2 38.Rxe2 Bb5 39.Re1 e2 40.Kf2 Rd8 0-1

[Event "II Open"]
[Site "Crema ITA"]
[Date "2000.09.16"]
[Round "3"]
[White "Everet, Alexandro"]
[Black "Giretti Kanev, Jasen"]
[Result "0-1"]
[WhiteElo "2348"]
[BlackElo "2181"]
[PlyCount "160"]
[EventDate "2000.09.15"]

1.d4 Nf6 2.Nc3 d5 3.Nf3 Bf5 4.Bf4 e6 5.a3 Bd6 6.Bxd6 cxd6 7.Nh4 Bg6 8.Nxg6
hxg6 9.e3 Nc6 10.Bb5 Qb6 11.O-O Ne4 12.Nxe4 dxe4 13.c4 O-O 14.Bxc6 Qxc6 
15.Qc2 f5 16.Rfd1 Rac8 17.Rac1 g5 18.d5 exd5 19.Rxd5 Qxd5 20.cxd5 Rxc2 21.
Rxc2 f4 22.Rc4 Re8 23.Kf1 Kf7 24.Ke2 Kf6 25.b4 b5 26.Rc6 Rd8 27.Rc7 a6 28.
Kd2 g6 29.Ra7 Ke5 30.Rxa6 Kxd5 31.Kc3 Rc8+ 32.Kb3 Rc1 33.Rb6 fxe3 34.fxe3 
Re1 35.Rxb5+ Ke6 36.Rxg5 Rxe3+ 37.Kc4 Rd3 38.Rxg6+ Kf7 39.Rg5 d5+ 40.Kc5 
e3 41.Re5 Kf6 42.Re8 Kf7 43.Re5 Kf6 44.Kd6 d4 45.Kd5 Rd2 46.Re6+ Kf7 47.
Re4 e2 48.Kc4 d3 49.a4 Rd1 50.Kc3 e1=Q+ 51.Rxe1 Rxe1 52.Kxd3 Rg1 53.g3 Ke6
54.a5 Kd5 55.Ke3 Rg2 56.b5 Rxh2 57.a6 Ra2 58.Kf4 Ke6 59.Kg5 Ra5 60.Kg6 
Rxb5 61.g4 Ra5 62.Kh6 Rxa6 63.Kg6 Ke7+ 64.Kg7 Ra5 65.Kg6 Kf8 66.g5 Ra6+ 
67.Kh5 Kg7 68.Kg4 Kg6 69.Kf4 Ra5 70.Ke4 Kxg5 71.Kd4 Kf5 72.Kc4 Ke5 73.Kb4 
Rd5 74.Kc4 Rd8 75.Kc3 Ke4 76.Kb4 Rc8 77.Kb5 Kd4 78.Kb6 Kd5 79.Kb7 Rc6 80.
Ka7 Kd6 0-1

[Event "II Open"]
[Site "Crema ITA"]
[Date "2000.09.16"]
[Round "3"]
[White "Gualazzi, Paolo"]
[Black "Malloggi, Stefano"]
[Result "1/2-1/2"]
[WhiteElo "1654"]
[BlackElo "1579"]
[PlyCount "61"]
[EventDate "2000.09.15"]

1.e4 c5 2.Nf3 d6 3.Nc3 Nc6 4.d4 cxd4 5.Nxd4 Nf6 6.h3 a6 7.Be3 e6 8.Nb3 Be7
9.a3 b5 10.Nd4 Nxd4 11.Bxd4 e5 12.Be3 Bb7 13.Qf3 Qc7 14.Rd1 Rd8 15.Bd3 d5 
16.exd5 Bxa3 17.Bc1 Bb4 18.O-O Bxc3 19.bxc3 Bxd5 20.Qg3 O-O 21.Bg5 Qc6 22.
Rfe1 e4 23.Bxf6 Qxf6 24.Bxe4 Bxe4 25.Rxd8 Qxd8 26.Rxe4 Qd1+ 27.Kh2 Qxc2 
28.Qe3 Qa2 29.Re7 Qa3 30.Ra7 Qd6+ 31.Kg1 1/2-1/2

[Event "II Open"]
[Site "Crema ITA"]
[Date "2000.09.16"]
[Round "3"]
[White "Mariano, Elia"]
[Black "Agnelli, Francesco"]
[Result "1/2-1/2"]
[WhiteElo "2093"]
[BlackElo "2123"]
[PlyCount "52"]
[EventDate "2000.09.15"]

1.Nf3 Nf6 2.g3 g6 3.Bg2 Bg7 4.O-O d6 5.d4 O-O 6.c4 Nc6 7.Nc3 a6 8.b3 Rb8 
9.Bb2 b5 10.cxb5 axb5 11.Rc1 b4 12.Na4 Na7 13.a3 bxa3 14.Bxa3 Be6 15.Nd2 
Qd7 16.Nc3 c6 17.Bb2 Qb7 18.Ra1 Nb5 19.Nxb5 Qxb5 20.Ra3 Ra8 21.Nb1 Rxa3 
22.Nxa3 Bxb3 23.Nxb5 Bxd1 24.Nc3 Bc2 25.Bxc6 Rb8 26.Ba1 Ng4 1/2-1/2

[Event "II Open"]
[Site "Crema ITA"]
[Date "2000.09.16"]
[Round "3"]
[White "Masotti, Roberto"]
[Black "Epitome, Nando"]
[Result "1/2-1/2"]
[WhiteElo "1684"]
[BlackElo "1594"]
[PlyCount "91"]
[EventDate "2000.09.15"]

1.d4 d5 2.Nf3 e6 3.Bg5 Nf6 4.e3 Nbd7 5.Nbd2 Be7 6.c3 b6 7.Bd3 Bb7 8.O-O 
O-O 9.Ne5 c5 10.f4 Rc8 11.Ndf3 cxd4 12.cxd4 Nxe5 13.Nxe5 Nd7 14.Bxe7 Qxe7 
15.Nxd7 Qxd7 16.f5 Rc7 17.Qg4 exf5 18.Bxf5 Qe7 19.Qf3 g6 20.Bd3 f5 21.Qg3 
Bc8 22.Rac1 Rxc1 23.Rxc1 Re8 24.Rc7 Qe6 25.e4 fxe4 26.Qh4 h5 27.Bb5 Rf8 
28.Rc6 Qf5 29.Qg3 g5 30.Rh6 e3 31.Bd3 Qf4 32.Rg6+ Kf7 33.Rxg5 Qxg3 34.Rxg3
Rg8 35.Rxe3 h4 36.Rf3+ Ke7 37.Bf5 Bb7 38.Rf4 Rf8 39.g4 hxg3 40.hxg3 Ba6 
41.Kf2 Kd6 42.Ke3 Re8+ 43.Kf3 Re2 44.Bc8 Bd3 45.Bf5 Ba6 46.Bc8 1/2-1/2

[Event "II Open"]
[Site "Crema ITA"]
[Date "2000.09.16"]
[Round "3"]
[White "Megli, Massimo"]
[Black "Giussani, Giovanni"]
[Result "1/2-1/2"]
[WhiteElo "1725"]
[BlackElo "1600"]
[PlyCount "94"]
[EventDate "2000.09.15"]

1.e4 c5 2.Nf3 d6 3.Bc4 e6 4.O-O Be7 5.d4 cxd4 6.Nxd4 Nc6 7.Nc3 Nf6 8.Kh1 
e5 9.Nf5 Bxf5 10.exf5 a6 11.a4 Rc8 12.Ba2 Nb4 13.Bb3 Nc6 14.f4 Nd4 15.Ba2 
Qd7 16.fxe5 dxe5 17.Bg5 h6 18.Bh4 Qc6 19.Bg3 Rd8 20.Qc1 Bd6 21.Re1 Qc7 22.
Nd5 Nxd5 23.c3 Nxf5 24.Bxd5 Nxg3+ 25.hxg3 O-O 26.c4 e4 27.Rxe4 Bxg3 28.Rg4
Kh8 29.Bxb7 f5 30.Rg6 Kh7 31.Rxg3 Qxg3 32.Bxa6 Rd4 33.Kg1 Rh4 34.Bb7 Qh2+ 
35.Kf2 Qf4+ 36.Qxf4 Rxf4+ 37.Kg1 Rb8 38.Bd5 Rxb2 39.a5 Rff2 40.a6 Ra2 41.
Rxa2 Rxa2 42.Bb7 Ra5 43.c5 Rxc5 44.a7 Ra5 45.a8=Q Rxa8 46.Bxa8 Kg6 47.Kf2 
Kf6 1/2-1/2

[Event "II Open"]
[Site "Crema ITA"]
[Date "2000.09.16"]
[Round "3"]
[White "Mondello, Fernando"]
[Black "Pinotti, Claudio"]
[Result "1/2-1/2"]
[WhiteElo "1605"]
[BlackElo "1747"]
[PlyCount "59"]
[EventDate "2000.09.15"]

1.e4 e6 2.d4 d5 3.Nd2 Nf6 4.e5 Nfd7 5.Bd3 c5 6.c3 Nc6 7.Ne2 cxd4 8.cxd4 f6
9.exf6 Nxf6 10.Nf3 Bd6 11.Bf4 Bxf4 12.Nxf4 Qa5+ 13.Qd2 Qxd2+ 14.Kxd2 O-O 
15.Raf1 Bd7 16.Ne2 Rae8 17.Nc3 e5 18.dxe5 Nxe5 19.Nxe5 Rxe5 20.Re1 Ne4+ 
21.Nxe4 dxe4 22.f3 Bc6 23.Re3 Rg5 24.Bxe4 Bxe4 25.Rxe4 Rxg2+ 26.Re2 Rd8+ 
27.Ke1 Rg6 28.Kf2 Rgd6 29.Rc1 R8d7 30.Rc4 1/2-1/2

[Event "II Open"]
[Site "Crema ITA"]
[Date "2000.09.16"]
[Round "3"]
[White "Orlando, Luigi"]
[Black "Scarpellini, Felice"]
[Result "0-1"]
[WhiteElo "1812"]
[BlackElo "1633"]
[PlyCount "106"]
[EventDate "2000.09.15"]

1.Nf3 Nf6 2.g3 e6 3.Bg2 d5 4.O-O Be7 5.d3 O-O 6.c4 b6 7.Nc3 Bb7 8.cxd5 
exd5 9.Nd4 Qd7 10.Bf4 c5 11.Nf3 Nc6 12.Re1 d4 13.Nb5 a6 14.Na3 b5 15.Rc1 
Nd5 16.Bg5 f6 17.Bd2 Ncb4 18.Bxb4 Nxb4 19.Nh4 Bxg2 20.Nxg2 Kh8 21.Ra1 Rac8
22.Nc2 Nxc2 23.Qxc2 Rc7 24.a4 Rfc8 25.b3 c4 26.bxc4 bxc4 27.Reb1 c3 28.Rb6
a5 29.Nf4 Rb7 30.Rxb7 Qxb7 31.Rb1 Bb4 32.Ng2 Qe7 33.e4 Rc7 34.Nf4 Rb7 35.
Nd5 Qd7 36.Kg2 Bc5 37.Rb3 h6 38.Qb1 Rxb3 39.Qxb3 Qg4 40.f3 Qg5 41.Nf4 Kh7 
42.h4 Qe5 43.Qf7 Qe7 44.Qxe7 Bxe7 45.Ne2 c2 46.Kf2 Ba3 47.f4 c1=Q 48.Nxc1 
Bxc1 49.Ke2 Kg6 50.Kf3 Kf7 51.e5 Ke6 52.exf6 Kxf6 53.Ke4 Be3 0-1

[Event "II Open"]
[Site "Crema ITA"]
[Date "2000.09.16"]
[Round "3"]
[White "Pagnoncelli, Marco"]
[Black "Rota, Simone"]
[Result "1-0"]
[WhiteElo "2082"]
[BlackElo "1653"]
[PlyCount "49"]
[EventDate "2000.09.15"]

1.e4 c5 2.Nf3 e6 3.d4 cxd4 4.Nxd4 a6 5.Nc3 Qc7 6.g3 b5 7.Bg2 Bb7 8.O-O g6 
9.Re1 Ne7 10.Ndxb5 axb5 11.Nxb5 Qc6 12.Nd6+ Kd8 13.Nxf7+ Ke8 14.Nxh8 Bg7 
15.Qf3 Nf5 16.g4 Nd6 17.Qh3 Bxh8 18.Qxh7 Nf7 19.Qxg6 Qxc2 20.Bg5 Kf8 21.
Bf6 Ra5 22.Bxh8 Nxh8 23.Qf6+ Nf7 24.e5 Bxg2 25.Rac1 1-0

[Event "II Open"]
[Site "Crema ITA"]
[Date "2000.09.16"]
[Round "3"]
[White "Pedini, Dario"]
[Black "Bellini, Roberto"]
[Result "1-0"]
[WhiteElo "1626"]
[BlackElo "1575"]
[PlyCount "52"]
[EventDate "2000.09.15"]

1.e4 c5 2.Nc3 e6 3.d3 Be7 4.g3 Nc6 5.Bg2 Nf6 6.f4 d6 7.Nf3 Rb8 8.O-O b5 9.
e5 dxe5 10.fxe5 Ng4 11.Ne4 Ngxe5 12.Nxe5 Nxe5 13.Bf4 Qd4+ 14.Kh1 O-O 15.c3
Qd7 16.Bxe5 Rb6 17.Qg4 f6 18.Bxf6 Rf7 19.Bxe7 Qxe7 20.Rxf7 Kxf7 21.Rf1+ 
Ke8 22.Ng5 Bb7 23.Bxb7 Qxb7+ 24.Qf3 Qxf3+ 25.Rxf3 h6 26.Nf7 Ke7 1-0

[Event "II Open"]
[Site "Crema ITA"]
[Date "2000.09.16"]
[Round "3"]
[White "Perchinunno, Antonio"]
[Black "Folcini, Gaddo"]
[Result "0-1"]
[WhiteElo "1263"]
[BlackElo "1500"]
[PlyCount "58"]
[EventDate "2000.09.15"]

1.d4 e5 2.d5 Bc5 3.g3 d6 4.c4 Bg4 5.Bg2 Nd7 6.Nc3 f5 7.Qc2 Ngf6 8.h3 Bh5 
9.Qxf5 O-O 10.Qc2 Bxf2+ 11.Kxf2 Ne4+ 12.Ke1 Nxg3 13.Ne4 Nxh1 14.Ng5 Bg6 
15.Be4 Qf6 16.N1f3 Ng3 17.b4 Nxe4 18.Nxe4 Qf5 19.Nfd2 Qxh3 20.Nf3 Rf4 21.
Bxf4 exf4 22.Kd2 Re8 23.Neg5 Rxe2+ 24.Kxe2 Qg2+ 25.Ke1 Qxc2 26.Rd1 Qxa2 
27.Rd2 Qxc4 28.Nh4 Qxb4 29.Kf2 Qxd2+ 0-1

[Event "II Open"]
[Site "Crema ITA"]
[Date "2000.09.16"]
[Round "3"]
[White "Righini, Giovanni"]
[Black "Poretti, Ennio"]
[Result "1/2-1/2"]
[WhiteElo "1755"]
[BlackElo "1614"]
[PlyCount "89"]
[EventDate "2000.09.15"]

1.e4 e5 2.Nf3 Nc6 3.Bc4 Nf6 4.O-O Bc5 5.d4 Bxd4 6.c3 Bb6 7.b4 a6 8.Bg5 d6 
9.Nbd2 h6 10.Bh4 g5 11.Bg3 Bg4 12.a4 Nh5 13.Qb3 Qf6 14.a5 Ba7 15.b5 axb5 
16.Qxb5 Bc8 17.Bd5 Kd7 18.a6 Bb6 19.Nc4 Qd8 20.Nxb6+ cxb6 21.Nd2 Qc7 22.
axb7 Bxb7 23.Nc4 Ke7 24.Qxb6 Qxb6 25.Nxb6 Rab8 26.Rfb1 Nf6 27.f3 Nxd5 28.
Nxd5+ Kd7 29.Rb6 Ba8 30.Kf1 Rxb6 31.Nxb6+ Kc7 32.Rxa8 Rxa8 33.Nxa8+ Kb7 
34.h4 Kxa8 35.Ke2 Kb7 36.Kd3 Nd8 37.h5 Ne6 38.Kc4 Kc6 39.Bf2 Ng7 40.g4 Ne6
41.Be3 f6 42.Bc1 Nc7 43.Ba3 Na8 44.Bb2 Nb6+ 45.Kd3 1/2-1/2

[Event "II Open"]
[Site "Crema ITA"]
[Date "2000.09.16"]
[Round "3"]
[White "Ruggeri, Dario"]
[Black "Vecchia, Mario"]
[Result "0-1"]
[WhiteElo "1579"]
[BlackElo "1692"]
[PlyCount "54"]
[EventDate "2000.09.15"]

1.e4 c5 2.c3 d5 3.exd5 Qxd5 4.d4 cxd4 5.cxd4 e6 6.Nc3 Qd8 7.Nf3 Nf6 8.Bg5 
Be7 9.Rc1 Nc6 10.Bd3 O-O 11.O-O Nd5 12.Bxe7 Ncxe7 13.Re1 Bd7 14.h4 Bc6 15.
Bxh7+ Kxh7 16.Ng5+ Kg8 17.Nxd5 Nxd5 18.Re3 Nxe3 19.Qh5 Be4 20.Nxe4 Nd5 21.
g4 Nf6 22.Nxf6+ Qxf6 23.g5 Qf4 24.Rc3 Rac8 25.Rf3 g6 26.Rxf4 gxh5 27.Rf6 
Kg7 0-1

[Event "II Open"]
[Site "Crema ITA"]
[Date "2000.09.16"]
[Round "3"]
[White "Sanavio, Giancarlo"]
[Black "Menato, Nazario"]
[Result "1/2-1/2"]
[WhiteElo "1561"]
[BlackElo "1399"]
[PlyCount "71"]
[EventDate "2000.09.15"]

1.Nf3 Nf6 2.c4 c5 3.Nc3 e6 4.g3 b6 5.Bg2 Bb7 6.O-O Be7 7.e3 O-O 8.Qe2 Nc6 
9.d4 cxd4 10.exd4 Rc8 11.Rd1 Na5 12.b3 Bb4 13.Bb2 Re8 14.Rac1 d6 15.Nb1 d5
16.Nbd2 Ba6 17.Ne5 Bd6 18.Rc2 Rc7 19.Rdc1 Qe7 20.Qd1 Rec8 21.Bf1 Ba3 22.
Bd3 Bxb2 23.Rxb2 Nc6 24.Ndf3 h6 25.Bb1 Qb4 26.a3 Qe7 27.Qd2 Nxe5 28.Nxe5 
dxc4 29.bxc4 Bxc4 30.Nxc4 Rxc4 31.Rd1 Qb7 32.Bd3 Rc3 33.Rb4 Rxa3 34.Qe2 
Rac3 35.Rbb1 Qd5 36.Rb5 1/2-1/2

[Event "II Open"]
[Site "Crema ITA"]
[Date "2000.09.16"]
[Round "3"]
[White "Vigano', Massimo"]
[Black "Ausmins, Elmar"]
[Result "1/2-1/2"]
[WhiteElo "2170"]
[BlackElo "2324"]
[PlyCount "149"]
[EventDate "2000.09.15"]

1.e4 c5 2.Nf3 d6 3.d4 cxd4 4.Nxd4 Nf6 5.Nc3 Nc6 6.Be2 e5 7.Nb3 h6 8.Be3 
Be6 9.O-O Be7 10.f4 exf4 11.Bxf4 a6 12.Qd2 Ne5 13.Rad1 O-O 14.Kh1 b5 15.
Nd4 Bd7 16.Nf5 Bxf5 17.exf5 Rc8 18.Rc1 Nc4 19.Bxc4 Rxc4 20.Nd5 Nxd5 21.
Qxd5 Qc8 22.Qd3 Qc6 23.c3 d5 24.Be5 Bg5 25.Rcd1 Re4 26.Qxd5 Qxd5 27.Rxd5 
Re8 28.Bd4 Re2 29.a4 bxa4 30.Ra5 Rxb2 31.Rxa4 Ree2 32.Rg1 Ra2 33.Rxa2 Rxa2
34.Rd1 a5 35.Kg1 a4 36.c4 a3 37.c5 Rc2 38.Ra1 Rc4 39.h4 Bf4 40.g3 Bxg3 41.
Rxa3 Bxh4 42.Be3 Be7 43.Ra8+ Kh7 44.Rc8 Bg5 45.Bf2 Rg4+ 46.Kh1 Rf4 47.Kg2 
Rxf5 48.c6 Bf4 49.c7 Kg6 50.Bb6 Rb5 51.Rg8 Bxc7 52.Bxc7 h5 53.Kg3 f6 54.
Bd6 Rb3+ 55.Kf4 Kf7 56.Rb8 Rxb8 57.Bxb8 Ke6 58.Ke4 g5 59.Bc7 f5+ 60.Kf3 
Kf6 61.Bd8+ Kg6 62.Bc7 h4 63.Bd8 Kh5 64.Bc7 Kh6 65.Bd6 Kg6 66.Bc7 Kg7 67.
Bd8 Kh6 68.Bc7 Kh5 69.Bd6 h3 70.Kg3 g4 71.Bf4 Kg6 72.Kh4 Kf6 73.Kh5 Kf7 
74.Kg5 Ke6 75.Kg6 1/2-1/2

[Event "II Open"]
[Site "Crema ITA"]
[Date "2000.09.16"]
[Round "3"]
[White "Vismara, Daniele"]
[Black "Drei, Andrea"]
[Result "1-0"]
[WhiteElo "2246"]
[BlackElo "2350"]
[PlyCount "89"]
[EventDate "2000.09.15"]

1.Nf3 Nf6 2.c4 e6 3.Nc3 Bb4 4.Qc2 b6 5.a3 Bxc3 6.Qxc3 Bb7 7.g3 c5 8.Bg2 
O-O 9.O-O d5 10.d3 Nc6 11.b4 dxc4 12.dxc4 cxb4 13.axb4 Ne4 14.Qb3 a5 15.
Rd1 Qe7 16.b5 Nb4 17.Ba3 Rfd8 18.Qe3 Qc7 19.Rxd8+ Rxd8 20.Bxb4 axb4 21.Nd4
Qe5 22.Rd1 f6 23.f4 Qc5 24.Bxe4 Bxe4 25.Qxe4 e5 26.e3 exd4 27.Rxd4 Rxd4 
28.exd4 Qc8 29.c5 bxc5 30.b6 Kf7 31.b7 Qc7 32.Qd5+ Kg6 33.g4 h6 34.Qh5+ 
Kh7 35.Qf5+ g6 36.Qc8 Qe7 37.Kf2 cxd4 38.b8=Q Qe3+ 39.Kf1 Qf3+ 40.Ke1 Qe3+
41.Kd1 Qd3+ 42.Kc1 Qe3+ 43.Kb2 Qa3+ 44.Kc2 Qa4+ 45.Kd2 1-0

[Event "II Open"]
[Site "Crema ITA"]
[Date "2000.09.16"]
[Round "4"]
[White "Agnelli, Francesco"]
[Black "Pagnoncelli, Marco"]
[Result "1-0"]
[WhiteElo "2123"]
[BlackElo "2082"]
[PlyCount "103"]
[EventDate "2000.09.15"]

1.e4 c5 2.Nf3 d6 3.d4 cxd4 4.Nxd4 Nf6 5.Nc3 g6 6.Be3 Bg7 7.f3 O-O 8.Bc4 
Nc6 9.Qd2 Bd7 10.h4 Qa5 11.O-O-O Rfc8 12.Bb3 Ne5 13.Kb1 Nc4 14.Bxc4 Rxc4 
15.Nb3 Qc7 16.Bh6 Bh8 17.h5 Rxc3 18.bxc3 Nxh5 19.Rxh5 Bxc3 20.Rc5 Qxc5 21.
Nxc5 Bxd2 22.Rxd2 Bc6 23.Nb3 a5 24.Nd4 Ba4 25.Kb2 f6 26.Be3 Bd7 27.Ne2 b5 
28.Nc3 Kf7 29.a3 h5 30.Nd5 Bc6 31.Rd3 Rb8 32.Rc3 Bxd5 33.exd5 b4 34.axb4 
Rxb4+ 35.Rb3 Rh4 36.Rd3 Rb4+ 37.Ka3 Rc4 38.c3 g5 39.Kb3 Rh4 40.Rd2 Rh1 41.
Re2 Rd1 42.Kc4 Rb1 43.Bd4 h4 44.Kd3 Rd1+ 45.Kc2 Rf1 46.Bb6 e5 47.dxe6+ Ke7
48.Bd4 h3 49.Bxf6+ Kxf6 50.e7 hxg2 51.e8=Q g1=Q 52.Re6+ 1-0

[Event "II Open"]
[Site "Crema ITA"]
[Date "2000.09.16"]
[Round "4"]
[White "Ausmins, Elmar"]
[Black "Bonazzi, Edoardo"]
[Result "1-0"]
[WhiteElo "2324"]
[BlackElo "2085"]
[PlyCount "41"]
[EventDate "2000.09.15"]

1.d4 Nf6 2.Nf3 d5 3.c4 e6 4.Nc3 Be7 5.Bf4 O-O 6.e3 c5 7.dxc5 Bxc5 8.Qc2 
Nc6 9.a3 Qa5 10.O-O-O Ne4 11.Nxe4 dxe4 12.Qxe4 e5 13.Bxe5 Nxe5 14.Qxe5 Be6
15.Nd4 Rfd8 16.Be2 Qb6 17.Nxe6 fxe6 18.Rxd8+ Rxd8 19.Rd1 Rxd1+ 20.Bxd1 Be7
21.Bg4 1-0

[Event "II Open"]
[Site "Crema ITA"]
[Date "2000.09.16"]
[Round "4"]
[White "Bellini, Roberto"]
[Black "Aloisio, Salvatore"]
[Result "1/2-1/2"]
[WhiteElo "1575"]
[BlackElo "1516"]
[PlyCount "112"]
[EventDate "2000.09.15"]

1.d4 Nf6 2.c4 c5 3.Nf3 g6 4.Nc3 Bg7 5.e4 cxd4 6.Nxd4 d6 7.Bd3 Nc6 8.Nxc6 
bxc6 9.O-O O-O 10.Qc2 Nd7 11.Be3 Ne5 12.Be2 a5 13.Rad1 Qc7 14.b3 Nd7 15.f4
Nc5 16.f5 Be5 17.Qd2 Rb8 18.Bh6 Re8 19.fxg6 hxg6 20.Qg5 Be6 21.Bh5 Kh7 22.
Nd5 Qd7 23.Bg4 f6 24.Bxe6 Nxe6 25.Qh4 Rh8 26.Nf4 Nxf4 27.Bxf4+ Kg7 28.Qg3 
Bxf4 29.Rxf4 Qe6 30.Rg4 Qf7 31.c5 dxc5 32.Qc7 Qe6 33.h3 Rhc8 34.Qxa5 Rb5 
35.Qc3 Rb4 36.Re1 Rd4 37.Qxc5 Rcd8 38.Qf5 Qxf5 39.exf5 Rxg4 40.hxg4 Rd7 
41.Rc1 Rc7 42.Rc4 g5 43.a4 Kf7 44.b4 Ke8 45.a5 Kd8 46.Rc5 Kc8 47.a6 Kb8 
48.Kf2 Ka7 49.b5 Kb6 50.Rxc6+ Rxc6 51.bxc6 Kxa6 52.Ke3 Kb6 53.c7 Kxc7 54.
Ke4 Kd6 55.Kd4 Kc6 56.Ke4 Kd6 1/2-1/2

[Event "II Open"]
[Site "Crema ITA"]
[Date "2000.09.16"]
[Round "4"]
[White "D'Ettorre, Ireneo"]
[Black "Marson, Antonio"]
[Result "1-0"]
[WhiteElo "1711"]
[BlackElo "1525"]
[PlyCount "88"]
[EventDate "2000.09.15"]

1.c4 c6 2.d4 d5 3.cxd5 cxd5 4.Nf3 Nf6 5.g3 Bf5 6.Bg2 e6 7.O-O Bd6 8.Nc3 a6
9.Nh4 Bg6 10.Nxg6 hxg6 11.e4 dxe4 12.Nxe4 Nxe4 13.Bxe4 Qd7 14.Re1 O-O 15.
a3 Nc6 16.d5 exd5 17.Qxd5 Qc7 18.Bg5 Kh8 19.Rad1 Be5 20.b4 f6 21.Be3 Rad8 
22.Qb3 f5 23.Bg2 Nd4 24.Qa2 Nc2 25.Rxd8 Rxd8 26.Rc1 Rc8 27.Bd5 Qd8 28.Bxb7
Rb8 29.Qxc2 Rxb7 30.Qc8 Rb8 31.Qxd8+ Rxd8 32.Rc6 a5 33.Rc5 Bb2 34.Rxa5 Rd3
35.a4 Bc3 36.Ra8+ Kh7 37.a5 g5 38.Bxg5 Kg6 39.Bf4 Kh5 40.h3 g5 41.Rf8 gxf4
42.Rxf5+ Kg6 43.Rxf4 Be5 44.Rc4 Rd6 1-0

[Event "II Open"]
[Site "Crema ITA"]
[Date "2000.09.16"]
[Round "4"]
[White "Distratis, Gianluca"]
[Black "Righini, Giovanni"]
[Result "1/2-1/2"]
[WhiteElo "1633"]
[BlackElo "1755"]
[PlyCount "91"]
[EventDate "2000.09.15"]

1.e4 e6 2.d4 d5 3.Nd2 Nf6 4.e5 Ng8 5.Bd3 b6 6.Qe2 h5 7.f4 g6 8.Ngf3 Be7 9.
Nf1 Nh6 10.Ne3 Nf5 11.Nxf5 gxf5 12.Be3 Nc6 13.c3 Bd7 14.O-O-O Na5 15.h3 h4
16.Rdg1 c5 17.g4 hxg3 18.Rxg3 c4 19.Bc2 Bh4 20.Rg7 Qe7 21.Bf2 Bxf2 22.Qxf2
O-O-O 23.Ng5 Rdf8 24.h4 Nc6 25.h5 Nd8 26.Nh7 Rfg8 27.Rxg8 Rxg8 28.Nf6 Rh8 
29.h6 Nc6 30.Ba4 Nxe5 31.dxe5 Bxa4 32.h7 Kb7 33.Rg1 Qf8 34.Qh4 Qc5 35.Re1 
b5 36.Qg3 Kc6 37.Qe3 Qe7 38.Rg1 a5 39.Rg8 Rxh7 40.Nxh7 Qh4 41.Nf6 Qh2 42.
Rc8+ Kb7 43.Rb8+ Kxb8 44.Qb6+ Ka8 45.Qc6+ Ka7 46.Qc7+ 1/2-1/2

[Event "II Open"]
[Site "Crema ITA"]
[Date "2000.09.16"]
[Round "4"]
[White "Epitome, Nando"]
[Black "Acunzo, Domenico"]
[Result "1-0"]
[WhiteElo "1594"]
[BlackElo "1656"]
[PlyCount "87"]
[EventDate "2000.09.15"]

1.d4 e6 2.c4 f5 3.Nf3 Nf6 4.Nc3 d5 5.Bf4 Be7 6.e3 O-O 7.h3 c6 8.c5 b6 9.b4
a5 10.a3 Nbd7 11.Bd3 Ne4 12.Na4 Bb7 13.O-O b5 14.Nb2 a4 15.Qc2 g5 16.Be5 
Qe8 17.Bh2 Qh5 18.Be2 Qh6 19.Nd3 Rf7 20.Nfe5 Nxe5 21.Nxe5 Rg7 22.f3 Nf6 
23.Bd3 Nh5 24.Rf2 Bf6 25.Raf1 f4 26.Ng4 Qg6 27.Bxg6 Rxg6 28.Nxf6+ Rxf6 29.
exf4 gxf4 30.Re1 Raf8 31.Re5 Ng7 32.Rg5 Bc8 33.Qe2 Bd7 34.Qe5 Be8 35.Bxf4 
Bg6 36.Bh2 h6 37.Rg3 Kh7 38.Qc7 R8f7 39.Qxc6 Nh5 40.Rxg6 Rxg6 41.Qe8 Kg7 
42.Be5+ Nf6 43.Qxe6 Kg8 44.c6 1-0